000 00235as aa2200097a 44500
090 _aSERIADAS
_b01646
245 1 0 _aScientia et Technica
260 _bUniversidad Tecnológica de Pereira
_aColombia
041 0 _aEspañol
942 _cREVISTA
999 _c17407
_d17407